[Event "IBCA EU-chT blind 2nd"]
[Site "Calimanesti"]
[Date "2019.10.06"]
[Round "2.3"]
[White "Selkovski, Zarko"]
[Black "Prpic, Milan"]
[Result "1-0"]
[WhiteElo "1941"]
[BlackElo "1806"]
[PlyCount "65"]
[EventDate "2019.10.05"]
[EventType "team-swiss"]
[EventRounds "9"]
[EventCountry "ROU"]
[SourceTitle "CBM 192 Extra"]
[Source "Chessbase"]
[SourceDate "2019.11.06"]
[SourceVersion "1"]
[SourceVersionDate "2019.11.06"]
[SourceQuality "1"]
[WhiteTeam "Macedonia"]
[BlackTeam "Croatia"]
[WhiteTeamCountry "MKD"]
[BlackTeamCountry "CRO"]

1. e4 e6 2. d4 d5 3. exd5 exd5 4. Bd3 Nf6 5. Nf3 Bg4 6. h3 Bh5 7. 0-0 Be7 8. Re1 0-0 9. Bg5 Nbd7 10. Nbd2 c5 11. c3 Re8 12. Nf1 Ne4 13. Bxe7 Rxe7 14. Ng3 Nxg3 15. fxg3 Rxe1+ 16. Qxe1 cxd4 17. g4 Bg6 18. Bxg6 hxg6 19. Nxd4 Qb6 20. Qf2 Re8 21. Rf1 f6 22. g5 f5 23. g4 Rf8 24. Qf3 Qd6 25. gxf5 gxf5 26. Nxf5 Qc5+ 27. Kh1 Kh7 28. Qh5+ Kg8 29. Qg6 Rxf5 30. Qxf5 Qc6 31. Qf7+ Kh7 32. Rf4 d4+ 33. Kg1 1-0

[Event "FRM-ch op"]
[Site "Skopje"]
[Date "2018.12.22"]
[Round "8"]
[White "Gjorshev, Ljupcho"]
[Black "Selkovski, Zarko"]
[Result "0-1"]
[WhiteElo "2098"]
[BlackElo "1905"]
[PlyCount "90"]
[EventDate "2018.12.15"]
[EventType "swiss"]
[EventRounds "9"]
[EventCountry "MKD"]
[SourceTitle "CBM 187 Extra"]
[Source "ChessBase"]
[SourceDate "2018.11.04"]
[SourceVersion "1"]
[SourceVersionDate "2018.11.04"]
[SourceQuality "1"]

1. e4 c5 2. Nf3 e6 3. d4 cxd4 4. Nxd4 a6 5. c4 Nf6 6. Nc3 d6 7. Be2 b6 8. Be3 Bb7 9. f3 Be7 10. Qd2 0-0 11. Rd1 Qc7 12. 0-0 Nbd7 13. Kh1 Ne5 14. b3 Rac8 15. Rc1 Qb8 16. Rfd1 Rfd8 17. Qe1 h6 18. Na4 Ned7 19. Qf2 Re8 20. Nc2 Nc5 21. Nxb6 Rc6 22. Bxc5 Rxc5 23. Na4 Rg5 24. Nc3 d5 25. exd5 exd5 26. Nxd5 Nxd5 27. cxd5 Bxd5 28. Ne3 Bb7 29. Bc4 Bd6 30. Nf1 Rh5 31. h3 Rg5 32. Qd4 Qa8 33. Rd3 Ba3 34. Rcd1 Re2 35. Qf4 Rexg2 36. Rd8+ Bf8 37. Qxf7+ Kh7 38. Bd3+ Be4 39. Nh2 Qxd8 40. Bxe4+ Kh8 41. Bd5 Bd6 42. Ng4 Rg3 43. Nf2 Bc5 44. Bc4 Rxh3+ 45. Nxh3 Qxd1+ 0-1

[Event "FRM-ch op"]
[Site "Skopje"]
[Date "2018.12.19"]
[Round "5"]
[White "Selkovski, Zarko"]
[Black "Risteski, Emil"]
[Result "0-1"]
[WhiteElo "1905"]
[BlackElo "2068"]
[PlyCount "48"]
[EventDate "2018.12.15"]
[EventType "swiss"]
[EventRounds "9"]
[EventCountry "MKD"]
[SourceTitle "CBM 187 Extra"]
[Source "ChessBase"]
[SourceDate "2018.11.04"]
[SourceVersion "1"]
[SourceVersionDate "2018.11.04"]
[SourceQuality "1"]

1. e4 c5 2. Nf3 Nc6 3. d4 cxd4 4. Nxd4 e5 5. Nb5 d6 6. N1c3 a6 7. Na3 b5 8. Nd5 Nge7 9. c4 Nd4 10. Bd3 Nxd5 11. cxd5 Be7 12. 0-0 0-0 13. Be3 Bd7 14. Bxd4 exd4 15. Nc2 Bf6 16. Rc1 Rc8 17. Nb4 Qb6 18. Qe2 Rc5 19. f4 g6 20. g4 Rfc8 21. Nc2 Bg7 22. g5 b4 23. Rf2 Bb5 24. Rd1 Rxc2 0-1

[Event "FRM-ch op"]
[Site "Skopje"]
[Date "2018.12.17"]
[Round "3"]
[White "Selkovski, Zarko"]
[Black "Kjosev, Stefan"]
[Result "1-0"]
[WhiteElo "1905"]
[BlackElo "1288"]
[PlyCount "71"]
[EventDate "2018.12.15"]
[EventType "swiss"]
[EventRounds "9"]
[EventCountry "MKD"]
[SourceTitle "CBM 187 Extra"]
[Source "ChessBase"]
[SourceDate "2018.11.04"]
[SourceVersion "1"]
[SourceVersionDate "2018.11.04"]
[SourceQuality "1"]

1. e4 e5 2. Bc4 Nf6 3. d3 Bc5 4. Nf3 d6 5. c3 Be6 6. Bxe6 fxe6 7. Qb3 Qc8 8. 0-0 c6 9. d4 exd4 10. cxd4 Bb6 11. e5 dxe5 12. dxe5 Nd5 13. Ng5 Qd7 14. Qh3 Bd4 15. Nxe6 Bxe5 16. Re1 Nf6 17. Nc3 Qd6 18. Nxg7+ Kf7 19. Nf5 Qc7 20. Nh6+ Kf8 21. Qe6 Qe7 22. Qxe5 Qxe5 23. Rxe5 Nbd7 24. Re6 Kg7 25. Be3 Rhe8 26. Rxe8 Rxe8 27. Nf5+ Kg6 28. Nd6 Re5 29. Nxb7 Nd5 30. Nxd5 Rxd5 31. b4 Rb5 32. Nc5 Nxc5 33. Bxc5 a5 34. a3 axb4 35. axb4 Rb7 36. Rd1 1-0

[Event "FRM-ch op"]
[Site "Skopje"]
[Date "2018.12.16"]
[Round "2"]
[White "Veleski, Robert"]
[Black "Selkovski, Zarko"]
[Result "1-0"]
[WhiteElo "2211"]
[BlackElo "1905"]
[PlyCount "137"]
[EventDate "2018.12.15"]
[EventType "swiss"]
[EventRounds "9"]
[EventCountry "MKD"]
[SourceTitle "CBM 187 Extra"]
[Source "ChessBase"]
[SourceDate "2018.11.04"]
[SourceVersion "1"]
[SourceVersionDate "2018.11.04"]
[SourceQuality "1"]

1. g3 g6 2. Bg2 Bg7 3. d3 d6 4. c4 Nf6 5. Nc3 0-0 6. Nf3 e5 7. 0-0 Re8 8. Rb1 c6 9. e4 h6 10. Re1 d5 11. exd5 cxd5 12. Nxe5 dxc4 13. Nxc4 Rxe1+ 14. Qxe1 Qxd3 15. Ne5 Qa6 16. Bf1 Qd6 17. Bf4 Qe7 18. Bc4 Be6 19. Nxg6 fxg6 20. Bxe6+ Kh7 21. Nd5 Nxd5 22. Bxd5 Qxe1+ 23. Rxe1 Nc6 24. Bxc6 bxc6 25. Re7 Kg8 26. b3 g5 27. Be3 a5 28. Rc7 Ra6 29. a4 Be5 30. Rb7 Bf6 31. Kg2 h5 32. Ba7 g4 33. h3 Be5 34. hxg4 hxg4 35. Kf1 Bd6 36. Ke2 Bb4 37. Kd3 c5 38. Rb8+ Kf7 39. Bb6 Be1 40. Kc4 Bxf2 41. Kb5 Rxb6+ 42. Rxb6 Bxg3 43. Kc4 Bf2 44. Rb7+ Kf6 45. Kd3 g3 46. Ke2 Ke5 47. Rd7 Ke4 48. Rd8 Bd4 49. Re8+ Kd5 50. Kf3 Bf2 51. Ra8 Be1 52. Ke2 Bc3 53. Rg8 Be5 54. Kd3 Ke6 55. Ke4 Kf7 56. Rg5 Kf6 57. Rf5+ Kg6 58. Rf1 Bd4 59. Kf3 Bf2 60. Rd1 Kf6 61. Rd8 Ke5 62. Ra8 Kd4 63. Rxa5 c4 64. bxc4 Kxc4 65. Rb5 Be1 66. Rb1 Bf2 67. a5 Kc5 68. a6 Kc6 69. Rb7 1-0